000 00330nam a2200121Ia 4500
008 220216s9999 xx 000 0 und d
100 _aKamaruddin Abd Malek
245 0 _aNatural rubber bearings with fabric reinforcement
650 _aFabric reinforcement
650 _aRubber engineering
700 _aGregory M J
942 _cJS
999 _c63496
_d63496